000 00236nam a2200109Ia 4500
942 _cBK
245 _aStandard work for the Shopfloor
260 _bProduction Pres Inc
_c2002
300 _a85
546 _aENGLISH
_cInfo.Tech
999 _c31547
_d31547